Caries inhibitory effect of chlorhexidine and flouride mouth rinses in high caries risk individuals / (رقم التسجيلة. 3106)

تفاصيل مارك
000 -LEADER
fixed length control field 017410000a22003490004500
003 - CONTROL NUMBER IDENTIFIER
control field EG-GICUC
005 - DATE AND TIME OF LATEST TRANSACTION
control field 20250223024959.0
008 - FIXED-LENGTH DATA ELEMENTS--GENERAL INFORMATION
fixed length control field 070801s2007 ua a f m 000 0 eng d
040 ## - CATALOGING SOURCE
Original cataloging agency EG-GICUC
Language of cataloging eng
Transcribing agency EG-GICUC
041 0# - LANGUAGE CODE
Language code of text/sound track or separate title Eng
049 ## - LOCAL HOLDINGS (OCLC)
Holding library Deposite
097 ## - Thesis Degree
Thesis Level M.Sc
099 ## - LOCAL FREE-TEXT CALL NUMBER (OCLC)
Classification number Cai01.09.03.M.Sc.2007.Ra.C
100 0# - MAIN ENTRY--PERSONAL NAME
Personal name Rasha Mohamed Haridy Gaber
245 10 - TITLE STATEMENT
Title Caries inhibitory effect of chlorhexidine and flouride mouth rinses in high caries risk individuals /
Statement of responsibility, etc. Rasha Mohamed Haridy Gaber ; Supervised Mohsen Hussein Abielhassan , Dalia Moustafa Aboulmagd , Somaia Abdellatif Eissa
246 15 - VARYING FORM OF TITLE
Title proper/short title تاثير غسول الفم بالكلورهكسيدين والفلورين المثبط للتسوس علي الاشخاص ذوي معدلات التسوس العالية
260 ## - PUBLICATION, DISTRIBUTION, ETC.
Place of publication, distribution, etc. Cairo :
Name of publisher, distributor, etc. Rasha Mohamed Haridy Gaber ,
Date of publication, distribution, etc. 2007
300 ## - PHYSICAL DESCRIPTION
Extent 106Leaves :
Other physical details ill. ;
Dimensions 30cm
502 ## - DISSERTATION NOTE
Dissertation note Thesis (M.Sc.) - Cairo University - Faculty Of Oral and Dental Medicine - Department Of Operative Dentistry
520 ## - SUMMARY, ETC.
Summary, etc. This study was carried out to qualify and quantify SM and LB counts after using chlorhexidine and fluoride containing mouth rinses with mechanical tooth brushing with fluoride - free dentifrices.at base line , after 3 months and after 6 months it was found that , chlorhexidine and fluoride months
530 ## - ADDITIONAL PHYSICAL FORM AVAILABLE NOTE
Additional physical form available note Issued Also as CD
653 #4 - INDEX TERM--UNCONTROLLED
Uncontrolled term Caries risk
653 #4 - INDEX TERM--UNCONTROLLED
Uncontrolled term Chlorhexidine
653 #4 - INDEX TERM--UNCONTROLLED
Uncontrolled term Fluoride
700 0# - ADDED ENTRY--PERSONAL NAME
Personal name Dalia Moustafa Aboulmagd ,
Relator term
700 0# - ADDED ENTRY--PERSONAL NAME
Personal name Mohsen Hussein Abielhassan ,
Relator term
700 0# - ADDED ENTRY--PERSONAL NAME
Personal name Somaia Abdellatif Eissa ,
Relator term
856 ## - ELECTRONIC LOCATION AND ACCESS
Uniform Resource Identifier <a href="http://172.23.153.220/th.pdf">http://172.23.153.220/th.pdf</a>
905 ## - LOCAL DATA ELEMENT E, LDE (RLIN)
Cataloger Azza
Reviser Cataloger
905 ## - LOCAL DATA ELEMENT E, LDE (RLIN)
Cataloger Mustafa
Reviser Revisor
942 ## - ADDED ENTRY ELEMENTS (KOHA)
Source of classification or shelving scheme Dewey Decimal Classification
Koha item type Thesis
المقتنيات
Source of classification or shelving scheme Not for loan Home library Current library Date acquired Full call number Barcode Date last seen Koha item type Copy number
Dewey Decimal Classification   المكتبة المركزبة الجديدة - جامعة القاهرة قاعة الرسائل الجامعية - الدور الاول 11.02.2024 Cai01.09.03.M.Sc.2007.Ra.C 01010110047490000 22.09.2023 Thesis  
Dewey Decimal Classification   المكتبة المركزبة الجديدة - جامعة القاهرة مخـــزن الرســائل الجـــامعية - البدروم 11.02.2024 Cai01.09.03.M.Sc.2007.Ra.C 01020110047490000 22.09.2023 CD - Rom 47490.CD
Cairo University Libraries Portal Implemented & Customized by: Eng. M. Mohamady Contacts: new-lib@cl.cu.edu.eg | cnul@cl.cu.edu.eg
CUCL logo CNUL logo
© All rights reserved — Cairo University Libraries
CUCL logo
Implemented & Customized by: Eng. M. Mohamady Contact: new-lib@cl.cu.edu.eg © All rights reserved — New Central Library
CNUL logo
Implemented & Customized by: Eng. M. Mohamady Contact: cnul@cl.cu.edu.eg © All rights reserved — Cairo National University Library